000 00471nam a22001577a 4500
003 NUST
038 _asaima
082 _a004
100 _aKhaliq, Saim Bin Abdul
_935267
245 _aDefence Against PUE Attack in CRN: A Game Theoretic Approach /
260 _aIslamabad :
_bMCS - NUST,
_c2017
300 _a61 p. ;
_c30cm.
650 _aInformation Security-Defence Against PUE Attack in CRN
_935268
700 _aDr. Muhammad Faisal Amjad
_934940
942 _2ddc
_cTHE
999 _c540962
_d540962